000 00454nam a22001697a 4500
005 20231103141155.0
008 231103b |||||||| |||| 00| 0 eng d
020 _a978-93-95295-59-8
041 _aeng
082 _a610.7
100 _aGAWALI, DR. VIKAS B. AND OTHERS
_98229
245 _aPRACTICAL HANDBOOK OF PHARMACOTHERAPEUTICS [ 2ND YERS ]
260 _aJALGAON
_bPRITAM PUBLICATION
_c2022
300 _a133,p
650 _aPHARMACY
942 _cBK
999 _c8453
_d8451